000 00798nam a22002417a 4500
003 OSt
005 20230921091815.0
008 221006b |||||||| |||| 00| 0 eng d
040 _cBiblioteca Lado V
082 _a708
_bM986m
110 _9159
_aMuseo de Arte y DiseƱo Contemporaneo
_eautor
245 _aMilagros de la Torre/
260 _bGrupo TACA
_c1998
_aCosta Rica
300 _c21x22cm
_a5p.
366 _espa
505 _tPresentación
650 _2Tesauro de Arte & Arquitectura
_aARTE
_9703
650 _2Tesauro de Arte & Arquitectura
_aEXHIBICION
_9702
650 _2Tesauro de Arte & Arquitectura
_aCOLECCION
_9702
650 _2Tesauro de Arte & Arquitectura
_aMILAGROS DE LA TORRE
700 _aRoche, Arnaldo
_eautor
942 _2ddc
_c1
_h708
_iM986m
_n0
999 _c4354
_d4354